Stronger (What Doesn't Kill You) - Kelly Clarkson (All Lyrics) - Statistics

General Stats
  • This quiz has been taken 696 times
  • The average score is 310 of 375
Answer Stats
Lyrics % Correct
a
99%
do
99%
stronger.
99%
stronger,
99%
What
99%
You
99%
you
99%
you.
99%
you've
99%
doesn't
98%
Doesn't
98%
I
98%
I.
98%
I'd
98%
kill
98%
makes
97%
me.
95%
me
95%
me,
95%
little
92%
and
89%
alone.
88%
I'm
88%
mean
88%
Stand
86%
when
86%
When
86%
taller.
85%
the
84%
my
83%
lonely
82%
myself
78%
Just
77%
just
77%
you're
77%
in
76%
In
76%
know
75%
that
75%
gone.
74%
of
72%
think
72%
Think
72%
cause
70%
fighter.
70%
got
70%
is
68%
thing
67%
best
66%
lighter.
66%
want.
66%
had
65%
last
65%
over
65%
to
64%
back.
63%
back
63%
bed
63%
here
63%
come
62%
feels
62%
on
62%
things
62%
warmer,
61%
color
60%
sleeping
60%
don't
59%
dream
59%
even
59%
laugh.
59%
wrong.
58%
good
57%
broken
56%
but
56%
Footsteps
56%
dead
55%
new.
53%
new
53%
running
53%
everything
52%
was
52%
not
51%
down.
49%
with
49%
someone
47%
Bet
45%
left
45%
see.
44%
moving
43%
swinging.
43%
Baby
42%
starting
41%
end
40%
end.
40%
Thanks
39%
heard
38%
hearted.
38%
about
35%
started.
35%
thinking
34%
beginning.
33%
told
33%
finally
32%
They
32%
break
31%
didn't
30%
day
27%
try
27%
No matching quizzes found
Score Distribution
Percent of People with Each Score
Percentile by Number Answered
Your Score History
You have not taken this quiz